000 00854nam a2200253Ia 4500
003 OSt
005 20221005112954.0
006 a|||||r|||| 00| 0
007 ta
008 221004b |||||||| |||| 00| 0 pan d
020 _a9788171166046 (hbk)
_c200
024 _a14017
037 _b871, 14/08/2014, H.K. Prakashan
_cTextual
040 _aCRL
_cCRL
_bpan
041 _2pan
_apan
082 _aO153,1NSA1x, Q3
100 _aਸਿੰਘ, ਸੁਰਜੀਤ
245 0 _aਉਦਾਸ ਪਲਾਂ ਦੇ ਵਲਵਲੇ
260 _aਦਿੱਲੀ
_bਨੈFਨਲ ਬੁਕ Fਾਪ ਭਾਰਤ
_c2013
300 _a104ਪੰ
_ccm.
650 _aਪੰਜਾਬੀ ਸਾਹਿਤ
942 _hO153,1NSA1x, Q3
_cTEXL
_2cc
999 _c1026614
_d1026614